<?xml version="1.0" encoding="UTF-8"?>
<record
    xmlns:xsi="http://www.w3.org/2001/XMLSchema-instance"
    xsi:schemaLocation="http://www.loc.gov/MARC21/slim http://www.loc.gov/standards/marcxml/schema/MARC21slim.xsd"
    xmlns="http://www.loc.gov/MARC21/slim">

  <leader>03441nam a2200409 a 4500</leader>
  <controlfield tag="001">000020381</controlfield>
  <controlfield tag="005">20240306073903.0</controlfield>
  <controlfield tag="008">150130s2008    dr ac         000 0 spa d</controlfield>
  <datafield tag="020" ind1=" " ind2=" ">
    <subfield code="a">9789945111927 (v. 1)</subfield>
  </datafield>
  <datafield tag="020" ind1=" " ind2=" ">
    <subfield code="a">9789945111934 (v. 2)</subfield>
  </datafield>
  <datafield tag="020" ind1=" " ind2=" ">
    <subfield code="a">9789945111941 (v. 3)</subfield>
  </datafield>
  <datafield tag="020" ind1=" " ind2=" ">
    <subfield code="a">9789945111958 (v. 4)</subfield>
  </datafield>
  <datafield tag="020" ind1=" " ind2=" ">
    <subfield code="a">9789945111972 (v. 6)</subfield>
  </datafield>
  <datafield tag="020" ind1=" " ind2=" ">
    <subfield code="a">9789945111989 (v. 7)</subfield>
  </datafield>
  <datafield tag="020" ind1=" " ind2=" ">
    <subfield code="a">9789945111996 (v. 8)</subfield>
  </datafield>
  <datafield tag="040" ind1=" " ind2=" ">
    <subfield code="a">DO-SdBNP</subfield>
    <subfield code="b">spa</subfield>
    <subfield code="c">BNPHU</subfield>
  </datafield>
  <datafield tag="100" ind1="1" ind2=" ">
    <subfield code="a">Santos, Altagracia</subfield>
    <subfield code="9">6594</subfield>
  </datafield>
  <datafield tag="245" ind1="1" ind2="0">
    <subfield code="a">Matem&#xE1;ticas :</subfield>
    <subfield code="b">educaci&#xF3;n b&#xE1;sica /</subfield>
    <subfield code="c">Altagracia Santos, Andr&#xE9;s Molina Maloon ; direcci&#xF3;n editorial Obdulia Garc&#xED;a de Escobar ; ilustraciones Ruddy N&#xFA;&#xF1;ez.</subfield>
  </datafield>
  <datafield tag="260" ind1=" " ind2=" ">
    <subfield code="a">Santo Domingo :</subfield>
    <subfield code="b">Santillana,</subfield>
    <subfield code="c">2008.</subfield>
  </datafield>
  <datafield tag="300" ind1=" " ind2=" ">
    <subfield code="a">8 v + CD Room :</subfield>
    <subfield code="b">il., retrs. ;</subfield>
    <subfield code="c">30 cm.</subfield>
  </datafield>
  <datafield tag="490" ind1="1" ind2=" ">
    <subfield code="a">Coral</subfield>
  </datafield>
  <datafield tag="500" ind1=" " ind2=" ">
    <subfield code="a">Educaci&#xF3;n b&#xE1;sica</subfield>
  </datafield>
  <datafield tag="500" ind1=" " ind2=" ">
    <subfield code="a">La biblioteca solamente posee los volumenes de las gu&#xED;as 1, 2, 3, 4, 6, 7 y 8</subfield>
  </datafield>
  <datafield tag="500" ind1=" " ind2=" ">
    <subfield code="a">La biblioteca solamente posee los cuadernos de trabajo de los volumenes 2, 3, 7 y 8.</subfield>
  </datafield>
  <datafield tag="500" ind1=" " ind2=" ">
    <subfield code="a">Incluye CD Room</subfield>
  </datafield>
  <datafield tag="505" ind1="0" ind2=" ">
    <subfield code="g">v. 1 :</subfield>
    <subfield code="t">N&#xFA;meros hasta el 9 --</subfield>
    <subfield code="t">Situaciones de suma --</subfield>
    <subfield code="t">La decena --</subfield>
    <subfield code="t">L&#xED;nea y figuras --</subfield>
    <subfield code="t">Decenas completas --</subfield>
    <subfield code="t">N&#xFA;meros del 11 al 99 --</subfield>
    <subfield code="t">Suma y resta --</subfield>
    <subfield code="t">La centena --</subfield>
    <subfield code="t">Las fracciones --</subfield>
    <subfield code="t">Formas sim&#xE9;tricas --</subfield>
    <subfield code="t">Cuerpos geom&#xE9;tricos --</subfield>
    <subfield code="t">Mediciones --</subfield>
    <subfield code="t">Registro de datos --</subfield>
  </datafield>
  <datafield tag="505" ind1="0" ind2=" ">
    <subfield code="g">v. 2 :</subfield>
    <subfield code="t">Suma y resta --</subfield>
    <subfield code="t">Del 100 al 1,000 --</subfield>
    <subfield code="t">Operar con centenas --</subfield>
    <subfield code="t">La multiplicac&#xED;on --</subfield>
    <subfield code="t">La divisi&#xF3;n --</subfield>
    <subfield code="t">L&#xED;neas y figuras --</subfield>
    <subfield code="t">Medidas de longitud --</subfield>
    <subfield code="t">Otras medidas --</subfield>
    <subfield code="t">Figuras geom&#xE9;tricas --</subfield>
    <subfield code="t">Nuestro dinero --</subfield>
    <subfield code="t">Registro de datos --</subfield>
  </datafield>
  <datafield tag="505" ind1="0" ind2=" ">
    <subfield code="g">v. 3 :</subfield>
    <subfield code="t">Unidades de millar --</subfield>
    <subfield code="t">Suma y resta --</subfield>
    <subfield code="t">La multiplicac&#xED;on --</subfield>
    <subfield code="t">La divisi&#xF3;n --</subfield>
    <subfield code="t">Decenas de millar --</subfield>
    <subfield code="t">Las fracciones --</subfield>
    <subfield code="t">Unidades de longitud --</subfield>
    <subfield code="t">El tiempo y su medida --</subfield>
    <subfield code="t">&#xC1;rea --</subfield>
    <subfield code="t">&#xC1;ngulo --</subfield>
    <subfield code="t">Figuras y cuerpos --</subfield>
    <subfield code="t">Otras medidas --</subfield>
  </datafield>
  <datafield tag="505" ind1="0" ind2=" ">
    <subfield code="g">v. 4 :</subfield>
    <subfield code="t">N&#xFA;meros hasta el mill&#xF3;n --</subfield>
    <subfield code="t">Operaciones aritm&#xE9;ticas, 1 --</subfield>
    <subfield code="t">Operaciones aritm&#xE9;ticas, 2 --</subfield>
    <subfield code="t">Fracciones --</subfield>
    <subfield code="t">Los n&#xFA;meros decimales --</subfield>
    <subfield code="t">Variaciones proporcionales --</subfield>
    <subfield code="t">Longitud y per&#xED;metro --</subfield>
    <subfield code="t">Puntos, l&#xED;neas y &#xE1;ngulos --</subfield>
    <subfield code="t">Figuras y cuerpos --</subfield>
    <subfield code="t">Simetr&#xED;a. Movimientos --</subfield>
    <subfield code="t">Medidas. Estad&#xED;stica --</subfield>
  </datafield>
  <datafield tag="505" ind1="0" ind2=" ">
    <subfield code="g">v. 6 :</subfield>
    <subfield code="t">Operaciones aritm&#xE9;ticas --</subfield>
    <subfield code="t">Fracciones --</subfield>
    <subfield code="t">N&#xFA;meros decimales --</subfield>
    <subfield code="t">Operaciones con decimales --</subfield>
    <subfield code="t">Potencias y ra&#xED;z cuadrada --</subfield>
    <subfield code="t">Porcentajes --</subfield>
    <subfield code="t">N&#xFA;meros racionales --</subfield>
    <subfield code="t">Razones y proporciones --</subfield>
    <subfield code="t">Pol&#xED;gonos --</subfield>
    <subfield code="t">Construcciones --</subfield>
    <subfield code="t">Mediciones --</subfield>
    <subfield code="t">Estad&#xED;stica --</subfield>
  </datafield>
  <datafield tag="505" ind1="0" ind2=" ">
    <subfield code="g">v. 7 :</subfield>
    <subfield code="t">Los n&#xFA;meros enteros --</subfield>
    <subfield code="t">Operaciones con n&#xFA;meros enteros --</subfield>
    <subfield code="t">N&#xFA;meros racionales --</subfield>
    <subfield code="t">Operaciones con n&#xFA;meros racionales --</subfield>
    <subfield code="t">Coordenadas cartesianas --</subfield>
    <subfield code="t">Construcciones geom&#xE9;tricas --</subfield>
    <subfield code="t">&#xC1;ngulos --</subfield>
    <subfield code="t">S&#xF3;lidos geom&#xE9;tricos, 1 --</subfield>
    <subfield code="t">S&#xF3;lidos geom&#xE9;tricos, 2 --</subfield>
    <subfield code="t">Recolecci&#xF3;n y an&#xE1;lisis de datos --</subfield>
    <subfield code="t">Valores medios y de dispersi&#xF3;n --</subfield>
    <subfield code="t">Probabilidades --</subfield>
  </datafield>
  <datafield tag="505" ind1="0" ind2=" ">
    <subfield code="g">v. 8 :</subfield>
    <subfield code="t">Los n&#xFA;meros racionales --</subfield>
    <subfield code="t">Operaciones con n&#xFA;meros racionales --</subfield>
    <subfield code="t">Potencias y ra&#xED;ces --</subfield>
    <subfield code="t">Los n&#xFA;meros reales --</subfield>
    <subfield code="t">El lenguaje del &#xE1;lgebra --</subfield>
    <subfield code="t">La funci&#xF3;n polin&#xF3;mica --</subfield>
    <subfield code="t">Ecuaciones del primer grado --</subfield>
    <subfield code="t">Inecuaciones de primer grado --</subfield>
    <subfield code="t">M&#xE9;trica del plano cartesiano --</subfield>
    <subfield code="t">Transformaciones geom&#xE9;tricas --</subfield>
    <subfield code="t">&#xC1;reas y vol&#xFA;menes, I --</subfield>
    <subfield code="t">&#xC1;reas y vol&#xFA;menes, II --</subfield>
    <subfield code="t">Estad&#xED;stica y probabilidades --</subfield>
  </datafield>
  <datafield tag="700" ind1="1" ind2=" ">
    <subfield code="a">Molina Maloon, Andr&#xE9;s</subfield>
    <subfield code="9">6596</subfield>
  </datafield>
  <datafield tag="700" ind1="1" ind2=" ">
    <subfield code="a">Garc&#xED;a Escobar, Obdulia de</subfield>
    <subfield code="e">dir. ed.</subfield>
    <subfield code="9">29220</subfield>
  </datafield>
  <datafield tag="700" ind1="1" ind2=" ">
    <subfield code="a">N&#xFA;&#xF1;ez, Ruddy</subfield>
    <subfield code="e">il.</subfield>
    <subfield code="9">23171</subfield>
  </datafield>
  <datafield tag="830" ind1=" " ind2="0">
    <subfield code="a">Coral</subfield>
    <subfield code="9">30539</subfield>
  </datafield>
  <datafield tag="952" ind1=" " ind2=" ">
    <subfield code="0">0</subfield>
    <subfield code="1">0</subfield>
    <subfield code="7">1</subfield>
    <subfield code="8">PD</subfield>
    <subfield code="a">PD</subfield>
    <subfield code="b">PD</subfield>
    <subfield code="c">HD</subfield>
    <subfield code="d">2015-07-02</subfield>
    <subfield code="i">LF1</subfield>
    <subfield code="l">0</subfield>
    <subfield code="o"> </subfield>
    <subfield code="p">20381-10</subfield>
    <subfield code="r">2020-06-25</subfield>
    <subfield code="w">2020-06-25</subfield>
    <subfield code="y">LFPD</subfield>
    <subfield code="Z">No se presta</subfield>
  </datafield>
  <datafield tag="999" ind1=" " ind2=" ">
    <subfield code="c">19885</subfield>
    <subfield code="d">19885</subfield>
  </datafield>
</record>
